000 00327nam a22001457a 4500
003 SGT
082 _a612
_bA15T
100 _aTORTORA, GENARD.J
245 _aANATOMY & PHYSIOLOGY WORKBOOK
250 _a2015 INDIAN ED
260 _aDELHI
_bWILEY
_c2015
300 _aW226
650 _aANATOMY & PHYSIOLOGY
942 _2ddc
_cBK
_01
999 _c8499
_d8499